Normal view
MARC view
Entry Personal Name
001 - CONTROL NUMBER
- control field: 1618
003 - CONTROL NUMBER IDENTIFIER
- control field: ARRUPE
005 - DATE AND TIME OF LATEST TRANSACTION
- control field: 20130927130109.0
008 - FIXED-LENGTH DATA ELEMENTS
- fixed length control field: 130927|| aca||aabn | a|a d
040 ## - CATALOGING SOURCE
- Original cataloging agency: ARRUPE
- Transcribing agency: ARRUPE
100 ## - HEADING--PERSONAL NAME
- Personal name: Radhakrishnan, S.
- Fuller form of name: (Sarvepalli),
- Dates associated with a name: 1888-1975,
- Relator term: editor.
670 ## - SOURCE DATA FOUND
- Source citation: Work cat.: (ARRUPE)0: Radhakrishnan, S. (Sarvepalli), 1888-1975, editor., The concept of man:, 1966.